| 000 | 01034cam a2200313 4500 | ||
|---|---|---|---|
| 001 | 3603413 | ||
| 003 | ARRUPE | ||
| 005 | 20150520135118.0 | ||
| 008 | 720414s1972 ilu b 001 0 eng | ||
| 010 | _a 71162930 | ||
| 020 | _a0810103621 | ||
| 040 |
_aDLC _cDLC _dDLC |
||
| 050 | 0 | 0 |
_aB829.5 _b.L5 |
| 082 | 0 | 0 | _a126 |
| 100 |
_aGurwitsch, Aron. _916650 |
||
| 245 | 0 | 0 |
_aLife-world and consciousness; _bessays for Aron Gurwitsch. _cEdited by Lester E. Embree. |
| 260 |
_aEvanston, Ill., _bNorthwestern University Press, _c1972. |
||
| 300 |
_axxx, 610 p. _c24 cm. |
||
| 440 | 0 |
_aNorthwestern University studies in phenomenology & existential philosophy _916645 |
|
| 504 | _aBibliography: p. 591-595. | ||
| 600 | 1 | 0 |
_aHusserl, Edmund, _d1859-1938. _9717 |
| 650 | 0 |
_aConsciousness. _916646 |
|
| 650 | 0 |
_aPhenomenology. _916647 |
|
| 650 | 0 |
_aSocial sciences. _916648 |
|
| 650 | 0 |
_aReality. _916649 |
|
| 700 | 1 |
_aEmbree, Lester E., _eed. _916651 |
|
| 906 |
_a7 _bcbc _corignew _d2 _encip _f19 _gy-gencatlg |
||
| 942 |
_2lcc _cMONOGRAPH |
||
| 999 |
_c122517 _d122517 |
||